02141 a2200205 45000010006000000050017000060080041000230030015000640400040000790800022001192450029001412500011001702640051001813000019002325051588002511000022018397000022018617000025018837000027019082916620260407155600.0260407a1965 arg spa dAR-UNSa-BCEJYS aAR-UNSa-BCEJYSbspacAR-UNSa-BCEJYS a657xContabilidad10aContabilidad económica a2a. ed 1aMéxico :bFondo de Cultura Económicac1965 a538 p.c23 cm. aParte I: Cuentas de la empresa individual: 1. La contabilidad y el análisis ecónomico - 2. Cuentas familiares - 3. Ahorro e inversión - 4. Contabilidad de la empresa individual: I. Transacciones - 5. Contabilidad de la empresa individual: II. Los estados fundamentales - 6. Contabilidad de la empresa individual: III. El estado de origen y aplicación de fondos - 7. Contabilidad de las sociedades anónimas: I. Transacciones - 8. Contabilidad de las sociedades anónimas: II. Asientos - 9. Contabilidad de las sociedades anónimas: III. Ingreso y producto - 10. Contabilidad de las sociedades anónimas: IV. El balance y el estado de inversión - 11. Contabilidad de las sociedades anónimas: V. El estado de origen y aplicación de fondos - 12. Contabilización del costo unitario - 13. Estados contables del sistema monetario -- Parte II: 14. Los estados consolidados: I. Cuentas de la empresa - 15. Los estados consolidados: II. Cuentas sociales - 16. Contabilidad del sector - 17. Contabilidad del producto nacional: I. Transacciones - 18. Contabilidad del producto nacional: II. Transacciones (continuación) - 19. Contabilidad del producto nacional: III. Las cuentas del sector - 20. La cuenta del ingreso y el producto nacional - 21. Contabilidad de la balanza de pagos: I. La ecuación - 22. Contabilidad de la balanza de pagos: II. Transacciones y presentación - 23. Contabilidad de la balanza de pagos: III. Otras consideraciones - 24. Cuadros de insumo-producto - 25. Cuentas de las corrientes de fondos - 26. Afinidad entre los principios contables 1 aPowelson, John P.1 aRamón, Herminia1 aPimentel, Rubén C.1 aSobrino, José Manuel